| 000 | 00420nam a22001697a 4500 | ||
|---|---|---|---|
| 003 | MPLRDC | ||
| 005 | 20220104142935.0 | ||
| 008 | 210129b ||||| |||| 00| 0 eng d | ||
| 082 | _a192.8 QYD | ||
| 100 | _a邱延达主编 | ||
| 245 |
_a365日的座右铭 _c |
||
| 260 |
_a _b西北出版社 _c1982 |
||
| 300 | _b平 | ||
| 490 | _a成功修养系列. 6 | ||
| 650 | _a格言; 箴言; 金言 | ||
| 942 |
_cBK _o192.8 QYD |
||
| 999 |
_c35105 _d35095 |
||